000
00208 a2200097 4500
001
11987
100
_a
Grigy, P.J.
245
_a
Prejudice and judgement
260
_a
_b
Jonathan cape
_c
090
_c
9239
_d
9239
942
_a
NUST-CAE
_c
M
_c
36088
999
_c
247060
_d
247060